000 00433nam a22001697a 4500
003 MACL
005 20151213115901.0
008 151213b xxu||||| |||| 00| 0 eng d
040 _cMACL
041 _aEnglish
082 _a741.642
100 _aShikha, Chatterjee
_920165
245 _aThe Indian Identity Through Rao's Symbolism & Style
260 _bRaka Prakashan
_c2007
650 _aChildren book
_920166
942 _2ddc
_cBK
999 _c51526
_d51526